| 000 | 00602cam a22001814a 4500 | ||
|---|---|---|---|
| 005 | 20250605164400.0 | ||
| 008 | 250528s ||||||||||||||||||||||||d | ||
| 035 | _a24571 | ||
| 040 |
_aGR-AtMCL _bgre _dGR-AtMCL _eAACR2 |
||
| 245 | 1 | _aCover Story: The Magnetics of Silence - Advanced Material for New Challenges | |
| 260 |
_bEe Times Europe, _c2021 |
||
| 300 | _a57 | ||
| 520 | _aAV Regulation Rase, EV Hypercar Power, Grid Transformation, AI Unlocks Bio Secret, Hyperspectral Imager in Your Hand. | ||
| 700 | 1 |
_aPele Anne Francoise _99414 |
|
| 942 | _cCR | ||
| 999 |
_c9442 _d9442 |
||